भारत की अन्तर्रात्मा / (Record no. 84550)

MARC details
000 -LEADER
fixed length control field 01821nam a22003257a 4500
005 - DATE AND TIME OF LATEST TRANSACTION
control field 20140813114507.0
008 - FIXED-LENGTH DATA ELEMENTS--GENERAL INFORMATION
fixed length control field 140527b xxu||||| |||| 00| 0 hin d
010 ## - LCCN (DPL NO)
LC control number HIN-87563 B-530623-624 G-002617
020 ## - INTERNATIONAL STANDARD BOOK NUMBER
International Standard Book Number 9788190387415
Terms of availability 200.00
035 ## - SYSTEM CONTROL NUMBER
System control number HN-59909 B-530623-624
035 ## - SYSTEM CONTROL NUMBER
System control number G-002617
037 ## - SOURCE OF ACQUISITION
Source of stock number/acquisition DPL/Janvani
040 ## - CATALOGING SOURCE
Original cataloging agency dpl
Language of cataloging hn
082 ## - DEWEY DECIMAL CLASSIFICATION NUMBER
Classification number 181.499
100 ## - MAIN ENTRY--PERSONAL NAME
Personal name राधाकृष्णन्
245 ## - TITLE STATEMENT
Title भारत की अन्तर्रात्मा /
Statement of responsibility, etc राधाकृष्णन्; विश्वम्भरनाथ त्रिपाठी द्वारा अनुदित
246 ## - VARYING FORM OF TITLE
Title proper/short title Bhaarata kii antaraatmaa
Remainder of title by Radhakrishnan
260 ## - PUBLICATION, DISTRIBUTION, ETC. (IMPRINT)
Place of publication, distribution, etc दिल्ली
Name of publisher, distributor, etc शब्द शिल्पी
Date of publication, distribution, etc 2013
270 ## - ADDRESS
Address ई-54, प्रथम तल, मानसरोवर पार्क , शाहदरा
City दिल्ली
Postal code 110032
300 ## - PHYSICAL DESCRIPTION
Extent 120 पृ.
Dimensions 21 से.मी (सजिल्द)
600 ## - SUBJECT ADDED ENTRY--PERSONAL NAME
Personal name राधाकृष्णन्, एस. (सर्वपल्ली), 1888-1975.
600 ## - SUBJECT ADDED ENTRY--PERSONAL NAME
Personal name Radhakrishnan, S. (Sarvepalli), 1888-1975.
650 ## - SUBJECT ADDED ENTRY--TOPICAL TERM
Topical term or geographic name as entry element राष्ट्रपति
General subdivision जीवनी
Geographic subdivision भारत
650 ## - SUBJECT ADDED ENTRY--TOPICAL TERM
Topical term or geographic name as entry element Presidents
General subdivision Biography.
Geographic subdivision India
650 ## - SUBJECT ADDED ENTRY--TOPICAL TERM
Topical term or geographic name as entry element दार्शनिक
General subdivision जीवनी
Geographic subdivision भारत
650 ## - SUBJECT ADDED ENTRY--TOPICAL TERM
Topical term or geographic name as entry element Philosophers
General subdivision Biography.
Geographic subdivision India
700 ## - ADDED ENTRY--PERSONAL NAME
Personal name त्रिपाठी, विश्वम्भरनाथ
942 ## - ADDED ENTRY ELEMENTS (KOHA)
Source of classification or shelving scheme Dewey Decimal Classification
Item type Hindi Books
Call number suffix राधाकृ
Classification part 181.499
Holdings
Withdrawn status Lost status Source of classification or shelving scheme Damaged status Not for loan Collection code Home library Current library Date acquired Source of acquisition Cost, normal purchase price Total Checkouts Total Renewals Full call number Barcode Date last seen Copy number Cost, replacement price Koha item type
    Dewey Decimal Classification     Non-fiction Central Jail Tihar Central Jail Tihar 06/06/2014 जनवाणी प्रकाशन/बिल न. 6282/14.3.14/138/12.3.14/21.3.14 200.00 2 1 181.499 राधाकृ B-530623 13/07/2019 1 200.00 Hindi Books
    Dewey Decimal Classification     Non-fiction Janak Puri Janak Puri 06/06/2014 जनवाणी प्रकाशन/बिल न. 6282/14.3.14/138/12.3.14/21.3.14 200.00 1   181.499 राधाकृ B-530624 07/08/2023 1 200.00 Hindi Books
    Dewey Decimal Classification     Non-fiction Mobile Library Mobile Library 13/08/2014 Gift 200.00     181.499 राधाकृ G-002617 13/08/2014 1 200.00 Hindi Books

© Delhi Public Library
Hit Counter
free hit counter